00294pam a2200121 a 4500020000500000041000500005082001500010245007200025250001000097260002800107300001900135700001800154 c h a778.3bMUR aAmerican Photography-18bAmerican Photography-18hTextual Documents a2002. aAmericabKenneth Fadner a362(X):bHard. aJim Surmanek.